Statistiques concernant Anagrammes réelles de pays et capitales #1

Cliquez ici pour prendre le quiz!

Statistiques générales

  • Ce quiz a été pris 181 fois
  • Le résultat moyen est 17 sur 30

Statistiques - réponses

AnagrammesRéponse% Correct
GerceGrece
99%
MailLima / Mali
99%
BeliezBelize
96%
NicheChine
96%
BilanLiban
95%
DineInde
92%
ManoOman
86%
IssuesSuisse
76%
SieursRussie
75%
MamanAmman
73%
AbimezZambie
73%
LibresBrésil
72%
BieresSerbie
65%
PlaneNepal
59%
BigameGambie
58%
GlanéesSénégal
56%
LargeAlger
55%
SamaraAsmara
52%
NuitsTunis
52%
GeleraiAlgerie
46%
BineurBrunei
41%
RapaiPraia
41%
RelaisIsrael
35%
MèneraiArménie
33%
VeneraErevan
30%
HanteesAthenes
24%
NumérisaSuriname
24%
HibernaBahrein
18%
SalueraitAustralie
16%
RecelaiLe Caire
10%

Distribution des résultats

Percentile par nombre de réponses

% des personnes avec chaque résultat

Votre développement - résultats

Vous n’avez pas pris ce quiz